000 007420000a22002050004500
003 LK-CoMWRAF
005 20240106095710.0
008 230817t1985 ||||| |||| 00| 0 eng d
040 _aLK-CoMWRAF
_dLK-CoMWRAF
_eLK-CoMWRAF
041 _aeng
082 _a362.7
_bGUN
100 _aGunatilleke, Godfrey
245 _aChanging needs of children: the experience of Sri Lanka
260 _aColombo:
_bMarga,
_c1985
300 _a38 p. ; 29 cm.
505 _aPaper to the National symposium on changing needs of children, 7th-10th September 1981, Colombo, Sri Lanka, organised by the Children's Secretariat in collaboration with UNICEF
650 _aChild health services Sri Lanka
650 _aChildren Nutrition -Sri Lanka
942 _cBK
999 _c2627
_d2627